| 000 | 00791cab a2200241 4500 | ||
|---|---|---|---|
| 001 | ABS52068 | ||
| 008 | 090401t1995 xxu||||| |||| 00| 0 eng d | ||
| 035 | _a(Sirsi) u58097 | ||
| 041 | _aeng | ||
| 100 | _aRoskrow, B. | ||
| 245 | _aUse CONDAM - it could save your life | ||
| 260 | _c1995 | ||
| 350 | _a0 | ||
| 490 |
_aContract Journal _v377(6008) 19 January 1995, 12-14(2) |
||
| 520 | _aExamines how the "Construction (Design and Management) Regulations 1994", which apply to sites where five workers or more are employed, are likely to affect contractors. | ||
| 650 | _aCONDAM REGULATIONS | ||
| 650 | _aCONSTRUCTION SITES | ||
| 650 | _aHEALTH AND SAFETY PLAN | ||
| 650 | _aSITE SAFETY | ||
| 690 | _aBUILT ENVIRONMENT-BUILDING STANDARDS | ||
| 942 | _n0 | ||
| 948 | _c04/03/1997 | ||
| 999 |
_c35444 _d35444 |
||